000 00667nam a2200217Ii 4500
003 JO-AjNU
008 230606s9999||||xx |||||||||||||| ||und||
020 _a0-256-02329-8
040 _aJO-AjNU
_beng
_erda
_cJO-AjNU
041 _aeng
050 1 4 _aHJ9733 .H38 1980
100 3 _aHay, Leon Edwards,
_eauthor
_93464
245 0 0 _aAccounting for Governmental Nonprofit Entities
250 _a6th ed
264 3 1 _aHomewood: richard D.Irwin,1980
300 _a762p
_b Includes appendix and indexes(p683-762)
336 _atext
_btxt
_2rdacontent
337 _aunmediated
_bn
_2rdamedia
338 _avolume
_bnc
_2rdacarrier
650 4 _aFinancial Accounting
_93465
999 _aE1808
_c1808
_d1808